Score 0/12 Timer 10:00
0 Plays Today
% Correct
Kicked the Bucket
66.7%
Six Feet Under
46.7%
Pushing up Daisies
40%
Sleeping with the Fishes
20%
Worm Food
20%
Taking a Dirt Nap
13.3%
Meet your Maker
13.3%
Bought the Farm
6.7%
Punched your Ticket
6.7%
Your Numbers up
0%
Bit the Dust
0%
0%

You're not logged in!

Compare scores with friends on all Sporcle quizzes.
OR
Log In

From the Vault

'G' First Names

by BookishGirl98

Do they have an existential crisis if the "G" is pronounced like a "J"?
Remove Ads.
Support Sporcle.
Get the best of Sporcle when you Go Orange. This ad-free experience offers more features, more stats, and more fun while also helping to support Sporcle. Thank you for becoming a member.

Show Comments

Extras

Created Mar 4, 2011ReportNominate
Tags:death, phrase

Top Quizzes Today


Score Distribution

Your Account Isn't Verified!

In order to create a playlist on Sporcle, you need to verify the email address you used during registration. Go to your Sporcle Settings to finish the process.

Report this User

Report this user for behavior that violates our Community Guidelines.

Details: